Sortilèges Harry Potter ( A-D) - Statistiques

Statistiques générales
  • Ce quiz a été pris 39 fois
  • Le résultat moyen est 8 sur 34
Statistiques - réponses
Première lettre du sortilège Nom du sortilège % Correct
A Avada Kedavra
91%
A Accio
75%
A Alohomora
63%
A Aguamenti
47%
B Bombarda
34%
D Diffindo
34%
A Arresto momentum
31%
C Confringo
31%
A Amplificatum
28%
A Avis
28%
C Collaporta
28%
C Crache limaces
25%
D Dissendium
22%
D Duro
22%
A Anapneo
19%
A Arania exumai
19%
A Ascendio
19%
B Bloclang
19%
C Confundo
19%
D Defodio
19%
A Aparecium
16%
B Brachium emendo
16%
A Aberto
13%
D Dentesaugmento
13%
A Appare vestigium
9%
A Avensegium
9%
B Brachialigo
9%
C Cave inimicium
9%
C Cistem aperio
9%
D Deprimo
9%
D Destructum
9%
C Capacious extremis
6%
C Circumrota
6%
D Désillusion
6%
Aucun quiz correspondant
Distribution des résultats
% des personnes avec chaque résultat
Percentile par nombre de réponses
Votre historique - résultats
Vous n’avez pas pris ce quiz